000 00430nam a22001697a 4500
003 NUST - PNEC
005 20170116181036.0
008 150919b xxu||||| |||| 00| 0 eng d
020 _a-
040 _cLIBRARY
082 _a621.381953 COM
100 _911394
_aCommunications, V
245 _aSystem commander : user manual
_cV Communications
260 _cc.1996
650 _911395
_aSystem Commander
_xMIS
942 _2ddc
_cBK
999 _c67938
_d67938